000 00567nmm a2200169Ia 4500
008 251105s9999||||xx |||||||||||||||||und||
020 _a9789587742480
041 _aspa
100 _aPreciado Zapata, Bibiana Andrea
245 0 _aCanalizar para industrializar : la domesticación del río Medellín en la primera mitad del siglo XX
264 _a[Bogotá, Colombia] :
_bUniversidad de los Andes,
_c2015
300 _a102 páginas
490 _aPrometeo
650 _aPhysical Geography
856 _uhttps://public.digitaliapublishing.com/a/40085
942 _cCF
999 _c96289
_d96289